Brawl Stars : Titres des Brawlers / - Statistiques

Statistiques générales
  • Ce quiz a été pris 104 fois
    67 depuis la dernière actualisation
  • Le résultat moyen est 26 sur 97
Statistiques - réponses
Indice Réponse % Correct
Jackie #@%**
100%
Colt Trop BG
55%
El Costo El Catcheur
50%
Bull Bulldozer !
48%
Shelly Pas l’temps !
45%
Pam Ta maman
45%
Brock Boum !
43%
Edgar PDG de Brawl Stars
43%
Polly Super sniper
43%
Poco El Mariachi
40%
Gus Enfant perdu
40%
Kit Miaou~
40%
Dynamike Petit,petit,petit !
40%
Ash Poubelle vivante
38%
Eliz@ #rageux
38%
Spike Unique qui pique
38%
Colette Collectionneuse
35%
Billie Cool kid
35%
Max La vitesse c’est MOI
35%
Berry Licorne
35%
Frank Même pas mal !
35%
Mortis Créature de la nuit
33%
Mandy Dent dure
33%
Ricochet Machine d’amour
33%
Shade s’est fait ghoster
33%
Belle Starr
33%
Carl Bon coup de pioche
30%
Corbac *Croa,croa*
30%
Nita L’enfant sauvage
30%
Darryl Moussaillon
30%
Kenji Samouraï
30%
Wally Amoureux de la nature
28%
Maisie Bombe atomique
28%
Béa Ça va piquer !
28%
Chester Joker
28%
Larry et Lawrie La loi, c’est moi !
28%
Draco Maître du jeu
28%
Surge Ok, bro
28%
Hank P’tite crevette !
28%
Griff Super radin
28%
Bartaba T’as eu ta dose !
28%
Tick Tête en l’air
28%
Rosa Vert de rage
28%
Tara Cartes sur table
25%
Léon Furtivité absolue
25%
Squeak Juste un accident…
25%
Eve Notre mère à tous
25%
Angelo Soif de sang
25%
Gaël Touche à tout
25%
Meeple Tricheur
25%
Bo Un avec la nature
25%
Médor Colonel
23%
Lily Couteau dans le dos
23%
Lola Drama queen
23%
Lumi Headbangeuse
23%
Penny La salière
23%
Buzz Mauvaise graine
23%
Kaze Ninja
23%
Djinn Parle à ma main !
23%
Stu Persécuteur
23%
Nani Robot rigolo
23%
Mico Tu m’prends pour qui ?
23%
Moe Accro au fromage
20%
Jessie As des constructions
20%
Buster Blockbuster
20%
Sam Dans ta face !
20%
Pearl Dur à cuire
20%
Gray Grise mine
20%
Bonnie Inarrêtable
20%
Monsieur.M Le boss
20%
Chuck Maestro
20%
Juju Poupée vaudou
20%
Ambre Pyromane
20%
Cordelius Toxique
20%
Grom Tu tires ou tu pointes ?
20%
Buzz l’éclair Vers l’infini et au delà !
20%
Fang Artiste de la savate
18%
Meg Assistance technique
18%
Otis L’artiste
18%
Byron Le sensationnel
18%
Ollie OKLM
18%
Finx Perte de temps
18%
Alli Sans une larme
18%
Charlie Tiré par les cheveux
18%
Doug ‘Tite saucisse
18%
Emeri Trop crevé
18%
R-T Chasse gardée
15%
Clancy Coquille cassée
15%
Janet Maîtrise de la roquette
15%
Willow Manipulateur
15%
Lou Toujours là pour toi !
15%
Trunk Esclave des fourmis
13%
Mélody Intrépide
13%
A.R.K.A.D SYS 64738
13%
Jae-yong Amor Fati
10%
Mina L'ouragan
3%
Ziggy Le Grand
0%
Aucun quiz correspondant
Distribution des résultats
% des personnes avec chaque résultat
Percentile par nombre de réponses
Votre historique - résultats
Vous n’avez pas pris ce quiz depuis la dernière actualisation